000 00805nam a2200253Ia 4500
003 GCL
008 140319s9999 xx 000 0 ara d
040 _aGCL /
_cGCL
082 0 4 _a614
_bخ ت
100 1 _aخالد فهد الجاراللة
245 1 0 _aتاريخ الخدمات الصحية فى الكويت من النشأة حتى الاستقلال /
_cخالد فهد الجاراللة
300 _a295 ص
490 _a
650 0 4 _aالكويت
650 0 4 _aالرعاية الصحية
650 0 4 _aالصحة العامة
650 0 4 _aالمستشفيات
650 0 4 _aالاوبئة
650 0 4 _aالمراكز الطبية
650 0 4 _aالصحة العامة - الكويت
650 0 4 _aالحجز الصحى
650 0 4 _aالمستوصفات
942 _2ddc
_cBK
999 _c46674
_d46674